Etika a právní odpovědnost amerického auditora

Etika povolania, záväzné etické zásady pre audítorov. Odborné vzdelávanie audítorov. Disciplinárne postihy. Princíp časovej nadväznosti. Občianska zodpovednosť. Počet súdnych procesov. Zákonná zodpovednosť, odškodné. Zodpovednosť v zmysle verejného a kontraktačného práva. Odporúčania pre audítorov.

Uložené v:
Podrobná bibliografia
Hlavný autor: Gottlieb, M.
Médium: Kapitola
Jazyk:Czech
Predmet:
Tagy: Pridať tag
Žiadne tagy, Buďte prvý, kto otaguje tento záznam!

MARC

LEADER 00000naa a2200000 4500
001 r024270
005 20221213083331.4
041 0 |a cze 
044 |a CZ 
245 1 0 |a Etika a právní odpovědnost amerického auditora  |c M. Gottlieb 
520 |a Etika povolania, záväzné etické zásady pre audítorov. Odborné vzdelávanie audítorov. Disciplinárne postihy. Princíp časovej nadväznosti. Občianska zodpovednosť. Počet súdnych procesov. Zákonná zodpovednosť, odškodné. Zodpovednosť v zmysle verejného a kontraktačného práva. Odporúčania pre audítorov. 
610 2 0 |a audítori 
610 2 0 |a etika 
610 2 0 |a zodpovednosť právna 
610 2 0 |a USA 
100 1 |a Gottlieb, M.